| 000 | 00893nam a2200253Ia 4500 | ||
|---|---|---|---|
| 003 | OSt | ||
| 005 | 20220923211304.0 | ||
| 006 | a|||||r|||| 00| 0 | ||
| 007 | ta | ||
| 008 | 220922b |||||||| |||| 00| 0 hin d | ||
| 020 |
_a9788179651513 (hbk) _c200 |
||
| 024 | _a235,247 | ||
| 037 |
_b300, 11/03/2008, Swaraj Prakashan _cTextual |
||
| 040 |
_aARTS _cARTS _bhin |
||
| 041 |
_2hin _ahin |
||
| 082 | _aP152, P8 | ||
| 100 |
_aजोगेन्द्र सिंह _9156263 |
||
| 245 | 0 | _aहिन्दी के गतिमान क्षितिज | |
| 246 | _aHindī ke gatimān kṣhitija | ||
| 260 |
_aनई दिल्ली _b तक्षशिक्षा प्रकाशन _c2008 |
||
| 300 |
_a261पृ. _ccm. |
||
| 942 |
_hP152, P8 _cTEXL _2CC |
||
| 999 |
_c298163 _d298163 |
||